Which capital? #1 - Statistics

General Stats
  • This quiz has been taken 29 times
  • The average score is 13 of 15
Answer Stats
Question Answer % Correct
Andorra Andorra la vella
100%
Brunei Bandar seri begawan
100%
Russia Moscow
100%
South africa Pretoria/bloemfontein/cape town
100%
El salvador San salvador
100%
São tomé and príncipe São tomé
100%
Grenada St georges
100%
Saint kitts and nevis Basseterre
88%
Senegal Dakar
75%
Sierra leone Freetown
75%
Tuvalu Funafuti
75%
Solomon islands Honiara
75%
Antigua and barbuda St johns
75%
Eritrea Asmara
63%
Burkina faso Ouagadougou
63%
No matching quizzes found
Score Distribution
Percent of People with Each Score
Percentile by Number Answered
Your Score History
You have not taken this quiz